MARC

LEADER 00000nam0a2200000 4500
001 363332
005 20231102011559.0
035 |a (RuTPU)RU\TPU\retro\20679 
090 |a 363332 
100 |a 20210927d1980 km y0rusy50 ca 
101 0 |a rus 
102 |a UZ 
105 |a a z 001zy 
200 1 |a Механические процессы в массиве горных пород при камерной системе разработки  |f В. Р. Рахимов  |g Ташкентский политехнический институт им. А. Б. Беруни 
210 |a Ташкент  |c Фан  |d 1980 
215 |a 198 с.  |c ил. 
320 |a Библиогр.: с. 191-196 
606 1 |a Подземные сооружения  |x Прочность  |2 stltpush  |3 (RuTPU)RU\TPU\subj\49664  |9 68429 
606 1 |a Угольные месторождения  |x Системы разработки в камерах  |2 stltpush  |3 (RuTPU)RU\TPU\subj\62717  |9 79785 
610 1 |a камерно-столбовая отработка 
610 1 |a горные массивы 
610 1 |a механические процессы 
610 1 |a целики 
610 1 |a горное давление 
610 1 |a реологические свойства 
610 1 |a расслоение 
610 1 |a камеры 
610 1 |a потолочины 
610 1 |a устойчивость 
610 1 |a расчеты 
675 |a 622.83  |v 4 
675 |a 622.33:622.273  |v 4 
700 1 |a Рахимов  |b В. Р.  |g Вахаб Рахимович 
712 0 2 |a Ташкентский политехнический институт им. А. Б. Беруни  |2 stltpush  |3 (RuTPU)RU\TPU\col\6741  |9 24263 
801 1 |a RU  |b 63413507  |c 20210927 
942 |c BK